Hora de la divergencia

Gespeichert in:
Bibliographische Detailangaben
1. Verfasser: Méndez Labbé, Francisco Raúl (autor)
Format: Buch
Sprache:Spanisch
Veröffentlicht: Santiago Pilar Anguita 2003
Ausgabe:1a. ed
Schlagworte:
Tags: Tag hinzufügen
Keine Tags, Fügen Sie den ersten Tag hinzu!

MARC

LEADER 00000cam a2200000 a 4500
001 UCD3415
003 CL-VaPUC
008 160603e20030500cl |||||||||||||||||spa|d
020 |a 9562992470 
082 0 4 |a 701.17  |b MEN  |2 21 
100 |a Méndez Labbé, Francisco Raúl  |e autor  |9 586868 
245 1 0 |a Hora de la divergencia 
250 |a 1a. ed 
300 |a 148 p 
942 |c BK 
945 |d 20160603 11:43:00  |a arojas 
260 |a Santiago  |b Pilar Anguita  |c 2003 
650 0 |a Pintura  |9 265046 
650 0 |a Artes plásticas  |9 268637 
650 0 |a Arte   |y Siglo 20  |9 267709 
650 0 |a Crítica e interpretación   |9 255042 
583 |a last modification  |c 20160603 11:43:00  |k Rodrigo Vera 
999 |c 364451  |d 364449 
952 |0 0  |1 0  |3 erb  |4 0  |6 701_170000000000000_MEN_2003  |7 0  |8 A  |9 477644  |a BIBARQ  |b BIBARQ  |i 5289971  |l 2  |m 1  |o 701.17 MEN 2003  |p 5289971  |r 2025-01-20  |s 2024-08-20  |w 2019-11-24  |y BK  |z Catalogado en:20160603  |k ARQ 
952 |0 0  |1 0  |3 erb  |4 0  |6 701_170000000000000_MEN_2003  |7 0  |8 A  |9 477645  |a BIBARQ  |b BIBARQ  |i 528998K  |l 1  |o 701.17 MEN 2003  |p 528998K  |r 2025-01-20  |s 2022-09-05  |w 2019-11-24  |y BK  |z Catalogado en:20160603  |k ARQ 
952 |0 0  |1 0  |3 erb  |4 0  |6 701_170000000000000_MEN_2003  |7 0  |8 A  |9 477646  |a BIBART  |b BIBART  |i 5239443  |o 701.17 MEN 2003  |p 5239443  |r 2025-03-13  |w 2019-11-24  |y BK  |z Catalogado en:20170331  |k ART